El humor en el Antiguo Testamento
Сохранить в:
| Главный автор: | |
|---|---|
| Формат: | |
| Язык: | испанский |
| Опубликовано: |
Lima
Puma
2009
|
| Предметы: | |
| Метки: |
Добавить метку
Нет меток, Требуется 1-ая метка записи!
|
MARC
| LEADER | 00000nam a22000005a 4500 | ||
|---|---|---|---|
| 003 | CL-ChBUA | ||
| 005 | 20171010133827.0 | ||
| 007 | ta | ||
| 008 | 101115s2009 pe ||||| |||| 000 ||spa | ||
| 020 | |a 9789972701597 | ||
| 040 | |a CL-ChBUA |c CL-ChBUA |e rda | ||
| 082 | 0 | 0 | |a 221 |
| 100 | 1 | |a Acosta B., Milton B. | |
| 245 | 1 | 0 | |a El humor en el Antiguo Testamento |
| 260 | |a Lima |b Puma |c 2009 | ||
| 300 | |a 267 p. |c 23 cm. | ||
| 504 | |a índice, bibl. | ||
| 630 | 4 | |a BIBLIA |x ANTIGUO TESTAMENTO | |
| 942 | |c LIB |2 ddc | ||
| 945 | |0 nac | ||
| 952 | |0 0 |1 0 |2 ddc |4 0 |6 221_000000000000000_AC_185 |7 0 |9 66208 |a UNACH |b UNACH |c 200 |d 2010-11-15 |i 46.987 |l 13 |m 5 |o 221 / Ac 185 |p 67340 |r 2025-05-26 23:31:26 |s 2018-05-28 |u 66208 |w 2012-08-08 |y LIB | ||
| 999 | |c 28206 |d 28206 | ||